000 00837nam a2200277 i 4500
001 bg
100 1 _aBernstein, David
_d(1928- ).
245 1 0 _aBillboard ! :
_breklama otwartej przestrzeni /
_cDavid Bernstein.
246 1 _iTyt. oryg.:
_aAdvertising outdoors
260 _aWarszawa :
_bWydawnictwo Naukowe PWN,
_ccop. 2005.
300 _a239 s. :
_bil. (gł. kolor.) ;
_c29 cm.
504 _aBibliogr. s. 231. Indeks.
650 9 _aReklama zewnętrzna
655 _aWydawnictwa popularne
700 1 _aCiszkowska, Ewa.
_eTł.
020 _a830114615X
040 _cBPK
041 _apol
044 _aPOL
080 _a659.4
080 _a(02.025.2)
920 _a83-01-14615-X
942 _cKS
008 130116s2005 pl a f |000 0 pol
999 _c55444
_d55444
856 _uhttp://koha.tu.koszalin.pl/cgi-bin/koha/opac-detail.pl?biblionumber=55444
_yKatalog online BPK